[Event "CZE-chT1W 2223"]
[Site "Czech Republic"]
[Date "2023.02.12"]
[Round "8.2"]
[White "Gloser, David"]
[Black "Purnoch, Josef"]
[Result "1-0"]
[WhiteElo "2268"]
[BlackElo "2141"]
[PlyCount "47"]
[EventDate "2022.10.09"]
[EventType "team-tourn"]
[EventRounds "11"]
[EventCountry "CZE"]
[SourceTitle "CBM 213 Extra"]
[Source "ChessBase"]
[SourceDate "2023.05.31"]
[SourceVersion "1"]
[SourceVersionDate "2023.05.31"]
[SourceQuality "1"]
[WhiteTeam "Polabiny II"]
[BlackTeam "Neratovice"]
[WhiteTeamCountry "CZE"]
[BlackTeamCountry "CZE"]

1. e4 c5 2. Nf3 Nc6 3. d4 cxd4 4. Nxd4 e5 5. Nb5 d6 6. c4 Be6 7. N1c3 a6 8. Na3 Rc8 9. Bd3 g6 10. 0-0 Bg7 11. Nd5 Nf6 12. Nc2 Nd7 13. b4 0-0 14. Rb1 f5 15. exf5 gxf5 16. f4 Rf7 17. Bb2 Qh4 18. Nce3 Bh6 19. g3 Rg7 20. Bxf5 Rxg3+ 21. Kh1 Bxf4 22. Bxe6+ Kf8 23. Nxf4 Ke8 24. Nf5 1-0

[Event "CZE-chT2C 2223"]
[Site "Czech Republic"]
[Date "2023.01.08"]
[Round "6.2"]
[White "Sykora, Marek1111"]
[Black "Purnoch, Josef"]
[Result "1/2-1/2"]
[WhiteElo "2246"]
[BlackElo "2141"]
[PlyCount "56"]
[EventDate "2022.10.16"]
[EventType "team-tourn"]
[EventRounds "11"]
[EventCountry "CZE"]
[SourceTitle "EXT 2024"]
[Source "ChessBase"]
[SourceDate "2023.10.10"]
[SourceVersion "1"]
[SourceVersionDate "2023.10.10"]
[SourceQuality "1"]
[WhiteTeam "Turnov Zikuda II"]
[BlackTeam "Neratovice II"]
[WhiteTeamCountry "CZE"]
[BlackTeamCountry "CZE"]

1. e4 c5 2. c3 d5 3. exd5 Qxd5 4. d4 g6 5. Nf3 Bg7 6. Na3 cxd4 7. Bc4 Qe4+ 8. Be3 Nh6 9. cxd4 0-0 10. Bd3 Qd5 11. Nb5 Bg4 12. Nc3 Qa5 13. h3 Bxf3 14. Qxf3 Nc6 15. Bxh6 Bxh6 16. d5 Ne5 17. Qe4 Nxd3+ 18. Qxd3 Rfd8 19. 0-0 Bg7 20. Qe4 Bxc3 21. bxc3 Qxd5 22. Qxe7 Rd7 23. Qb4 Rc8 24. Rfe1 Qc6 25. Re3 Rd2 26. a4 Rc2 27. Rae1 b6 28. a5 bxa5 1/2-1/2

[Event "CZE-chT1W 2223"]
[Site "Czech Republic"]
[Date "2022.11.13"]
[Round "3.5"]
[White "Benes, Petr1111"]
[Black "Purnoch, Josef"]
[Result "0-1"]
[WhiteElo "2121"]
[BlackElo "2141"]
[PlyCount "112"]
[EventDate "2022.10.09"]
[EventType "team-tourn"]
[EventRounds "11"]
[EventCountry "CZE"]
[SourceTitle "CBM 213 Extra"]
[Source "ChessBase"]
[SourceDate "2023.05.31"]
[SourceVersion "1"]
[SourceVersionDate "2023.05.31"]
[SourceQuality "1"]
[WhiteTeam "Litomerice Slavoj"]
[BlackTeam "Neratovice"]
[WhiteTeamCountry "CZE"]
[BlackTeamCountry "CZE"]

1. Nf3 c5 2. c4 Nf6 3. Nc3 d5 4. cxd5 Nxd5 5. d4 cxd4 6. Qxd4 Nxc3 7. Qxc3 Nc6 8. e4 f6 9. Bb5 Bd7 10. 0-0 Rc8 11. Be3 e5 12. Rac1 a6 13. Bxc6 Rxc6 14. Qb3 Rxc1 15. Rxc1 Qb8 16. Bb6 Bd6 17. Nd2 Ke7 18. Nf1 Rc8 19. Rd1 Be6 20. Qg3 g6 21. Qh4 h5 22. Ne3 Bxa2 23. g4 Rh8 24. g5 Rf8 25. Rd3 Be6 26. gxf6+ Rxf6 27. Nd5+ Bxd5 28. Rxd5 Kf7 29. Be3 Qc7 30. Qg5 Qc2 31. Rxe5 Qd1+ 32. Kg2 Bxe5 33. Qxe5 Qg4+ 34. Kf1 Qd1+ 35. Kg2 Qf3+ 36. Kg1 h4 37. Bd4 Qg4+ 38. Kh1 Qd1+ 39. Kg2 Qf3+ 40. Kg1 Qd1+ 41. Kg2 Qg4+ 42. Kf1 Re6 43. Qg7+ Ke8 44. Qg8+ Kd7 45. Qf7+ Kc6 46. f3 Qh3+ 47. Ke1 b6 48. Qa7 Qxh2 49. Qxa6 Qh1+ 50. Ke2 Qh2+ 51. Kd3 Qc7 52. Qc4+ Kd7 53. Qd5+ Rd6 54. Qf7+ Kc8 55. Qg8+ Qd8 56. Qc4+ Kb7 0-1

[Event "CZE-chT1W 2122"]
[Site "Czech Republic"]
[Date "2022.02.06"]
[Round "8.3"]
[White "Purnoch, Josef"]
[Black "Kawulok, Marek"]
[Result "1/2-1/2"]
[WhiteElo "2145"]
[BlackElo "2204"]
[PlyCount "99"]
[EventDate "2021.10.10"]
[EventType "team-tourn"]
[EventRounds "11"]
[EventCountry "CZE"]
[SourceTitle "EXT 2023"]
[Source "ChessBase"]
[SourceDate "2022.10.05"]
[SourceVersion "1"]
[SourceVersionDate "2022.10.05"]
[SourceQuality "1"]
[WhiteTeam "Neratovice"]
[BlackTeam "Praha Oaza"]
[WhiteTeamCountry "CZE"]
[BlackTeamCountry "CZE"]

1. d4 Nf6 2. c4 e6 3. Nc3 Bb4 4. a3 Bxc3+ 5. bxc3 0-0 6. Bg5 h6 7. Bh4 d6 8. f3 Nc6 9. e4 e5 10. Bf2 b6 11. Bd3 Na5 12. Qe2 Ba6 13. Nh3 Qe8 14. 0-0 c5 15. f4 Qa4 16. Bh4 Nd7 17. Be7 Rfe8 18. Bxd6 cxd4 19. cxd4 Nb3 20. fxe5 Nxa1 21. Rxa1 b5 22. Bc2 Qxc4 23. Qxc4 bxc4 24. Ba4 Red8 25. Be7 Nb6 26. Bc6 Rxd4 27. Bxa8 Nxa8 28. Nf2 Nb6 29. a4 Rd2 30. a5 Nd7 31. h3 Nxe5 32. Bc5 Nc6 33. Nd1 f6 34. Nc3 Kf7 35. Rd1 Rxd1+ 36. Nxd1 Nxa5 37. Bxa7 Bb7 38. Nc3 Ke6 39. Bb8 Nb3 40. Kf2 Bc6 41. Ke3 f5 42. exf5+ Kxf5 43. g3 Bg2 44. h4 Bc6 45. Ne2 Kg4 46. Nd4 Bd5 47. Nxb3 cxb3 48. Kd3 b2 49. Kc2 b1B+ 50. Kxb1 1/2-1/2

[Event "CZE-chT1W 2122"]
[Site "Czech Republic"]
[Date "2021.12.12"]
[Round "5.3"]
[White "Purnoch, Josef"]
[Black "Bartos, Jan"]
[Result "1/2-1/2"]
[WhiteElo "2145"]
[BlackElo "2162"]
[PlyCount "99"]
[EventDate "2021.10.10"]
[EventType "team-tourn"]
[EventRounds "11"]
[EventCountry "CZE"]
[SourceTitle "EXT 2023"]
[Source "ChessBase"]
[SourceDate "2022.10.05"]
[SourceVersion "1"]
[SourceVersionDate "2022.10.05"]
[SourceQuality "1"]
[WhiteTeam "Neratovice"]
[BlackTeam "Unichess"]
[WhiteTeamCountry "CZE"]
[BlackTeamCountry "CZE"]

1. d4 Nf6 2. c4 e6 3. Nc3 d5 4. cxd5 Nxd5 5. e4 Nxc3 6. bxc3 c5 7. Nf3 cxd4 8. cxd4 Bb4+ 9. Bd2 Bxd2+ 10. Qxd2 0-0 11. Bc4 b6 12. Qe2 Bb7 13. 0-0 Nd7 14. Rad1 Nf6 15. Bd3 Rc8 16. Rfe1 Qe7 17. Bb1 Rfd8 18. Qd3 g6 19. Qd2 Nd7 20. Qf4 Qf6 21. Qg3 Rc3 22. h4 h5 23. Rc1 Rdc8 24. Rxc3 Rxc3 25. Qd6 Nf8 26. Ng5 Rc8 27. d5 Rd8 28. Qa3 exd5 29. e5 Qf4 30. e6 fxe6 31. Qxa7 Qb4 32. Rd1 Rd7 33. Qb8 Qd6 34. Qe8 Re7 35. Qa4 Qc6 36. Qb3 e5 37. Be4 Rd7 38. Bd3 Rd6 39. Bb5 Qc8 40. Ne4 Re6 41. Ng5 Re7 42. Rxd5 Bxd5 43. Qxd5+ Kg7 44. Bc4 Nd7 45. Ne6+ Kh8 46. g3 Qb8 47. Qe4 Qe8 48. Qd5 Qb8 49. Qe4 Qe8 50. Qd5 1/2-1/2

[Event "CZE-chT1W 2122"]
[Site "Czech Republic"]
[Date "2021.11.28"]
[Round "4.5"]
[White "Purnoch, Josef"]
[Black "Filipi, Stepan"]
[Result "0-1"]
[WhiteElo "2145"]
[BlackElo "2171"]
[PlyCount "90"]
[EventDate "2021.10.10"]
[EventType "team-tourn"]
[EventRounds "11"]
[EventCountry "CZE"]
[SourceTitle "EXT 2023"]
[Source "ChessBase"]
[SourceDate "2022.10.05"]
[SourceVersion "1"]
[SourceVersionDate "2022.10.05"]
[SourceQuality "1"]
[WhiteTeam "Neratovice"]
[BlackTeam "Vysehrad SK Sokol"]
[WhiteTeamCountry "CZE"]
[BlackTeamCountry "CZE"]

1. d4 Nf6 2. c4 e6 3. Nc3 Bb4 4. a3 Bxc3+ 5. bxc3 d6 6. f3 Qe7 7. e4 Nbd7 8. Bd3 e5 9. Ne2 0-0 10. 0-0 Re8 11. Ng3 Nf8 12. f4 h6 13. f5 N8h7 14. d5 Bd7 15. Nh1 c6 16. g4 b5 17. Nf2 Rac8 18. dxc6 Rxc6 19. cxb5 Rxc3 20. Bb2 Rcc8 21. Re1 h5 22. gxh5 d5 23. Qe2 dxe4 24. Nxe4 Bxf5 25. Nxf6+ Qxf6 26. Bxf5 Qxf5 27. Rac1 Rxc1 28. Bxc1 Rc8 29. Rf1 Qe6 30. Be3 Rc4 31. Bxa7 Rg4+ 32. Kh1 Ng5 33. Rg1 Rxg1+ 34. Bxg1 Qd5+ 35. Qg2 e4 36. b6 Nf3 37. h4 Nxh4 38. Qg4 e3+ 39. Kh2 Nf3+ 40. Kh1 f5 41. Qg2 f4 42. h6 g5 43. Qb2 Nd2+ 44. Kh2 Nf1+ 45. Kh3 Qf3# 0-1

[Event "CZE-chT1W 2122"]
[Site "Czech Republic"]
[Date "2021.10.10"]
[Round "1.1"]
[White "Purnoch, Josef"]
[Black "Lajbl, Jan"]
[Result "1/2-1/2"]
[WhiteElo "2145"]
[BlackElo "2201"]
[PlyCount "119"]
[EventDate "2021.10.10"]
[EventType "team-tourn"]
[EventRounds "11"]
[EventCountry "CZE"]
[SourceTitle "EXT 2023"]
[Source "ChessBase"]
[SourceDate "2022.10.05"]
[SourceVersion "1"]
[SourceVersionDate "2022.10.05"]
[SourceQuality "1"]
[WhiteTeam "Neratovice"]
[BlackTeam "Ceske Budejovice"]
[WhiteTeamCountry "CZE"]
[BlackTeamCountry "CZE"]

1. d4 d5 2. c4 e6 3. Nc3 c5 4. cxd5 exd5 5. Nf3 Nc6 6. g3 Nf6 7. Bg2 cxd4 8. Nxd4 Bc5 9. Nxc6 bxc6 10. 0-0 0-0 11. Na4 Bb6 12. Bg5 h6 13. Bxf6 Qxf6 14. Rc1 Ba6 15. Nxb6 axb6 16. Qd2 Rfe8 17. Rfe1 Bb7 18. b3 Rad8 19. e3 c5 20. b4 c4 21. a4 Qc6 22. b5 Qc5 23. Red1 Ra8 24. Bxd5 Red8 25. e4 Bxd5 26. exd5 Rxa4 27. d6 Qxb5 28. Qe3 Qc6 29. Qe7 Qd7 30. Rd5 Ra5 31. Rxa5 bxa5 32. Rxc4 Qxd6 33. Qxd6 Rxd6 34. Rc8+ Kh7 35. Ra8 Rd5 36. Kg2 g5 37. Ra6 Rf5 38. h3 h5 39. g4 hxg4 40. hxg4 Re5 41. Kg3 Kg7 42. f4 Re3+ 43. Kf2 Ra3 44. fxg5 Ra1 45. Ke3 a4 46. Kf3 a3 47. Kg2 a2 48. Kh2 Kf8 49. Kg2 Ke7 50. Kh2 Kd7 51. Kg2 Kc7 52. Kh2 Kb7 53. Ra3 Kb6 54. Kg2 Kc5 55. Ra7 Kd5 56. Kh2 Ke5 57. Kg2 Ke4 58. Re7+ Kf4 59. Rxf7+ Kxg4 60. Ra7 1/2-1/2

[Event "CZE-chT1W 1920"]
[Site "Czech Republic"]
[Date "2019.12.08"]
[Round "4.2"]
[White "Pribyl, Viktor"]
[Black "Purnoch, Josef"]
[Result "0-1"]
[WhiteElo "2069"]
[BlackElo "2135"]
[PlyCount "102"]
[EventDate "2019.10.20"]
[EventType "team-tourn"]
[EventRounds "11"]
[EventCountry "CZE"]
[SourceTitle "CBM 193 Extra"]
[Source "ChessBase"]
[SourceDate "2020.01.31"]
[SourceVersion "1"]
[SourceVersionDate "2020.01.31"]
[SourceQuality "1"]
[WhiteTeam "Praha DP EA Hotels"]
[BlackTeam "Neratovice"]
[WhiteTeamCountry "CZE"]
[BlackTeamCountry "CZE"]

1. e4 c5 2. Nf3 Nc6 3. Bb5 Nf6 4. Bxc6 dxc6 5. Nc3 Bg4 6. d3 Qc7 7. Be3 e5 8. h3 Bh5 9. Qe2 Be7 10. 0-0 Nd7 11. Rfb1 Nf8 12. a3 Ne6 13. Nd1 Nd4 14. Bxd4 cxd4 15. c4 dxc3 16. bxc3 0-0 17. Ne3 Rfd8 18. Nf5 Bf8 19. a4 Rd7 20. Ng3 Bxf3 21. Qxf3 Rad8 22. Rd1 Qa5 23. Ne2 Bc5 24. c4 Qb4 25. Ra2 Qb3 26. Nc1 Qb1 27. Qe2 Bd4 28. Qd2 Qb6 29. a5 Qc7 30. Nb3 h6 31. Qc2 b6 32. axb6 axb6 33. Rb1 Rd6 34. Ra3 R8d7 35. Nxd4 Rxd4 36. Rbb3 Kh7 37. Qb1 c5 38. Rxb6 Qd8 39. Rb8 Qg5 40. Qc2 f5 41. Rb1 fxe4 42. dxe4 Qf4 43. Rf3 Qh4 44. Re1 Rd2 45. Qa4 R7d3 46. Ree3 Rxe3 47. fxe3 Qg5 48. g4 h5 49. Rg3 hxg4 50. Qa1 Qf6 51. Qe1 Qd6 0-1

[Event "CZE-chT2C 1920"]
[Site "Czech Republic"]
[Date "2019.12.01"]
[Round "4.5"]
[White "Purnoch, Josef"]
[Black "Vystrcil, Martin"]
[Result "0-1"]
[WhiteElo "2135"]
[BlackElo "2116"]
[PlyCount "68"]
[EventDate "2019.10.13"]
[EventType "team-tourn"]
[EventRounds "11"]
[EventCountry "CZE"]
[SourceTitle "EXT 2024"]
[Source "ChessBase"]
[SourceDate "2023.10.10"]
[SourceVersion "1"]
[SourceVersionDate "2023.10.10"]
[SourceQuality "1"]
[WhiteTeam "Neratovice II"]
[BlackTeam "Ricany 1925"]
[WhiteTeamCountry "CZE"]
[BlackTeamCountry "CZE"]

1. d4 Nf6 2. c4 g6 3. Nc3 Bg7 4. e4 d6 5. f4 0-0 6. Nf3 c5 7. d5 e6 8. dxe6 fxe6 9. Bd3 Nc6 10. 0-0 b6 11. Ng5 Qe7 12. Qe1 e5 13. Nd5 Nxd5 14. exd5 Nd4 15. Bd2 Bf5 16. Bxf5 Rxf5 17. Qe4 Raf8 18. Rae1 Qd7 19. Nh3 Qa4 20. g4 R5f6 21. Qd3 Qxa2 22. Ra1 Qb3 23. Bc3 exf4 24. Rf2 b5 25. Rxa7 b4 26. Rb7 f3 27. Ng5 Ne2+ 28. Rxe2 fxe2 29. Qxe2 Rf1+ 30. Qxf1 Rxf1+ 31. Kxf1 Qxc4+ 32. Ke1 Bxc3+ 33. bxc3 Qxc3+ 34. Kf2 Qd2+ 0-1

[Event "CZE-chT2C 1920"]
[Site "Czech Republic"]
[Date "2019.10.13"]
[Round "1.5"]
[White "Purnoch, Josef"]
[Black "Crha, Josef"]
[Result "1-0"]
[WhiteElo "2135"]
[BlackElo "2027"]
[PlyCount "143"]
[EventDate "2019.10.13"]
[EventType "team-tourn"]
[EventRounds "11"]
[EventCountry "CZE"]
[SourceTitle "EXT 2024"]
[Source "ChessBase"]
[SourceDate "2023.10.10"]
[SourceVersion "1"]
[SourceVersionDate "2023.10.10"]
[SourceQuality "1"]
[WhiteTeam "Neratovice II"]
[BlackTeam "Mlada Boleslav"]
[WhiteTeamCountry "CZE"]
[BlackTeamCountry "CZE"]

1. d4 d5 2. Bg5 Nf6 3. Bxf6 exf6 4. e3 Be6 5. Nd2 Bd6 6. Ne2 0-0 7. g3 Nd7 8. Bg2 Re8 9. 0-0 Nf8 10. c4 c6 11. c5 Bc7 12. b4 Qd7 13. Re1 Bh3 14. Bh1 Ne6 15. Nc3 Ng5 16. Rc1 Bf5 17. a4 a6 18. Qb3 Ne4 19. Ndxe4 dxe4 20. Qb1 Qe6 21. Bg2 Bg6 22. Red1 Rad8 23. Rd2 f5 24. Qa2 Qxa2 25. Rxa2 f6 26. Bf1 Bf7 27. Rb2 Ra8 28. Nb1 g5 29. Nd2 f4 30. Bc4 f5 31. Kf1 f3 32. Ke1 h5 33. Kd1 f4 34. Nf1 fxg3 35. fxg3 h4 36. Ke1 Bxc4 37. Rxc4 Kf7 38. Kf2 Ke6 39. b5 axb5 40. axb5 Ra1 41. b6 Bd8 42. Rcc2 Bf6 43. Ra2 Ra8 44. Rxa8 Rxa8 45. Nd2 Kd5 46. Nb1 Bxd4 47. Rd2 Kxc5 48. Rxd4 Kxb6 49. Rxe4 Ra2+ 50. Kxf3 Rxh2 51. Rg4 h3 52. Rxg5 Rc2 53. Rh5 h2 54. g4 c5 55. g5 Rc1 56. Rxh2 Rxb1 57. g6 Rf1+ 58. Rf2 Ra1 59. Ke4 Ra8 60. g7 Rg8 61. Rg2 Kb5 62. Kf5 c4 63. Kf6 c3 64. e4 Kc4 65. e5 b5 66. e6 b4 67. e7 b3 68. Kf7 b2 69. Kxg8 b1Q 70. e8Q c2 71. Qc6+ Kd3 72. Qxc2+ 1-0

[Event "CZE-chT2C 1819"]
[Site "Czech Republic"]
[Date "2019.03.17"]
[Round "10.7"]
[White "Melich, Jindrich"]
[Black "Purnoch, Josef"]
[Result "1/2-1/2"]
[WhiteElo "2016"]
[BlackElo "2145"]
[PlyCount "41"]
[EventDate "2018.10.14"]
[EventType "team-tourn"]
[EventRounds "11"]
[EventCountry "CZE"]
[SourceTitle "EXT 2022"]
[Source "ChessBase"]
[SourceDate "2021.10.06"]
[SourceVersion "1"]
[SourceVersionDate "2021.10.06"]
[SourceQuality "1"]
[WhiteTeam "Pankrac II"]
[BlackTeam "Neratovice II"]
[WhiteTeamCountry "CZE"]
[BlackTeamCountry "CZE"]

1. b4 e5 2. Bb2 Bxb4 3. Bxe5 Nf6 4. c4 Nc6 5. Bb2 0-0 6. Nf3 d5 7. e3 Bg4 8. cxd5 Nxd5 9. Be2 Qe7 10. 0-0 Rfd8 11. d4 Rac8 12. a3 Ba5 13. Qc2 Rd6 14. Nc3 Nxc3 15. Bxc3 Bb6 16. h3 Bh5 17. Qf5 Bxf3 18. Bxf3 Re8 19. d5 Ne5 20. Bb4 Qd7 21. Qxd7 1/2-1/2

[Event "CZE-chT1W 1819"]
[Site "Czech Republic"]
[Date "2019.02.03"]
[Round "7.8"]
[White "Purnoch, Josef"]
[Black "Adamek, Zdenek"]
[Result "0-1"]
[WhiteElo "2145"]
[BlackElo "2186"]
[PlyCount "104"]
[EventDate "2018.10.21"]
[EventType "team-tourn"]
[EventRounds "11"]
[EventCountry "CZE"]
[SourceTitle "CBM 188 Extra"]
[Source "ChessBase"]
[SourceDate "2019.02.26"]
[SourceVersion "1"]
[SourceVersionDate "2019.02.26"]
[SourceQuality "1"]
[WhiteTeam "Neratovice"]
[BlackTeam "Praha DP Tarok"]
[WhiteTeamCountry "CZE"]
[BlackTeamCountry "CZE"]

1. d4 Nf6 2. c4 g6 3. Nc3 Bg7 4. e4 d6 5. f4 c5 6. d5 0-0 7. Nf3 e6 8. Be2 exd5 9. cxd5 Nbd7 10. 0-0 Re8 11. Qc2 Qe7 12. Nd2 Nb6 13. Bb5 Bd7 14. a4 Bxb5 15. axb5 Ng4 16. Nf3 Bxc3 17. Qxc3 Qxe4 18. Re1 Qxd5 19. h3 Rxe1+ 20. Nxe1 Nh6 21. b3 Qd4+ 22. Qxd4 cxd4 23. Bb2 Nf5 24. Kf2 Nd5 25. g4 Ng7 26. Bxd4 Nxf4 27. Be3 Nge6 28. h4 Nd5 29. Rxa7 Rxa7 30. Bxa7 Ndc7 31. Ke3 Nxb5 32. Bb6 Kf8 33. Nd3 Ke7 34. g5 Kd7 35. Nb4 Nc5 36. Bxc5 dxc5 37. Nd5 Nd4 38. Nf6+ Ke6 39. b4 Nf5+ 40. Ke4 cxb4 41. Nxh7 b3 42. Kd3 b2 43. Kc2 Nxh4 44. Kxb2 Kf5 45. Nf6 Kxg5 46. Ne4+ Kf4 47. Nd6 g5 48. Kc3 f5 49. Nxb7 Ke3 50. Nd6 g4 51. Nc4+ Ke2 52. Kd4 g3 0-1

[Event "CZE-chT2C 1819"]
[Site "Czech Republic"]
[Date "2019.01.27"]
[Round "7.6"]
[White "Kourek, Josef"]
[Black "Purnoch, Josef"]
[Result "0-1"]
[WhiteElo "2095"]
[BlackElo "2145"]
[PlyCount "114"]
[EventDate "2018.10.14"]
[EventType "team-tourn"]
[EventRounds "11"]
[EventCountry "CZE"]
[SourceTitle "EXT 2022"]
[Source "ChessBase"]
[SourceDate "2021.10.06"]
[SourceVersion "1"]
[SourceVersionDate "2021.10.06"]
[SourceQuality "1"]
[WhiteTeam "Lipa"]
[BlackTeam "Neratovice II"]
[WhiteTeamCountry "CZE"]
[BlackTeamCountry "CZE"]

1. d4 f5 2. e4 fxe4 3. f3 d5 4. Nc3 Nf6 5. Bf4 c6 6. fxe4 dxe4 7. Bc4 Bf5 8. Qd2 Nbd7 9. Nge2 Nb6 10. Bb3 Nbd5 11. Ng3 e6 12. 0-0 Bb4 13. Bg5 Qd7 14. Rae1 h6 15. Bxf6 Nxf6 16. a3 Ba5 17. Nxf5 exf5 18. Qf4 0-0-0 19. Qxf5 Qxf5 20. Rxf5 Bb6 21. Nxe4 Nxe4 22. Rxe4 Rxd4 23. Rxd4 Bxd4+ 24. Kf1 Bxb2 25. a4 Bf6 26. Rf3 Re8 27. Rd3 Kc7 28. Kf2 Re7 29. h3 Kb6 30. Kf3 Kc5 31. Re3 Rc7 32. Re4 b5 33. Ke2 Kb6 34. Re6 Ka5 35. Re4 Rd7 36. Rg4 a6 37. Re4 Bd4 38. axb5 cxb5 39. Re6 Bf6 40. Rc6 Ra7 41. Be6 Kb4 42. Kd3 a5 43. c4 bxc4+ 44. Rxc4+ Kb5 45. Rc2 a4 46. Ke4 Re7 47. Kf5 Rxe6 48. Kxe6 a3 49. Kf7 Bb2 50. Rc8 a2 51. Ra8 a1Q 52. Rxa1 Bxa1 53. g4 Bc3 54. h4 Kc5 55. Kg6 Kd5 56. g5 hxg5 57. Kxg5 Bd2+ 0-1

[Event "CZE-chT2C 1819"]
[Site "Czech Republic"]
[Date "2018.12.02"]
[Round "4.4"]
[White "Purnoch, Josef"]
[Black "Solc, Filip"]
[Result "1-0"]
[WhiteElo "2145"]
[BlackElo "2035"]
[PlyCount "75"]
[EventDate "2018.10.14"]
[EventType "team-tourn"]
[EventRounds "11"]
[EventCountry "CZE"]
[SourceTitle "EXT 2022"]
[Source "ChessBase"]
[SourceDate "2021.10.06"]
[SourceVersion "1"]
[SourceVersionDate "2021.10.06"]
[SourceQuality "1"]
[WhiteTeam "Neratovice II"]
[BlackTeam "Hradec Kralove II"]
[WhiteTeamCountry "CZE"]
[BlackTeamCountry "CZE"]

1. d4 Nf6 2. c4 g6 3. Nc3 Bg7 4. e4 d6 5. f4 0-0 6. Nf3 c5 7. d5 Bg4 8. Be2 Nh5 9. 0-0 e6 10. Be3 exd5 11. Qxd5 Nc6 12. Rad1 Bxc3 13. bxc3 Nf6 14. Qd3 Re8 15. h3 Rxe4 16. hxg4 Qe7 17. Bf2 Rxe2 18. Bh4 Re3 19. Bxf6 Rxd3 20. Bxe7 Rxd1 21. Rxd1 Nxe7 22. Rxd6 Nc6 23. Rd7 b6 24. g5 Rd8 25. Rc7 Rd6 26. Kf2 a6 27. Ke3 Kf8 28. Ke4 Ke8 29. g4 Re6+ 30. Ne5 Nxe5 31. fxe5 Re7 32. Rc6 Re6 33. Rd6 b5 34. cxb5 axb5 35. Kd5 b4 36. cxb4 Rxd6+ 37. exd6 cxb4 38. Kc6 1-0

[Event "CZE-chT2C 1819"]
[Site "Czech Republic"]
[Date "2018.11.18"]
[Round "3.6"]
[White "Purnoch, Josef"]
[Black "Cakl, Zdenek"]
[Result "1/2-1/2"]
[WhiteElo "2145"]
[BlackElo "2019"]
[PlyCount "95"]
[EventDate "2018.10.14"]
[EventType "team-tourn"]
[EventRounds "11"]
[EventCountry "CZE"]
[SourceTitle "EXT 2022"]
[Source "ChessBase"]
[SourceDate "2021.10.06"]
[SourceVersion "1"]
[SourceVersionDate "2021.10.06"]
[SourceQuality "1"]
[WhiteTeam "Neratovice II"]
[BlackTeam "Liberec Desko"]
[WhiteTeamCountry "CZE"]
[BlackTeamCountry "CZE"]

1. d4 Nf6 2. c4 e6 3. Nc3 Bb4 4. f3 d5 5. a3 Bxc3+ 6. bxc3 0-0 7. cxd5 exd5 8. e3 Bf5 9. Ne2 Nc6 10. Ng3 Bg6 11. Bd3 Nh5 12. Nxh5 Bxh5 13. 0-0 Na5 14. Ra2 Bg6 15. Re1 Bxd3 16. Qxd3 Qd7 17. e4 c6 18. Rae2 Rae8 19. e5 Nc4 20. a4 h6 21. g4 Qe6 22. h3 Rb8 23. f4 f5 24. exf6 Qxf6 25. Re6 Qh4 26. Kg2 Nd6 27. R1e2 Ne4 28. f5 Rbe8 29. Rxe8 Rxe8 30. Bf4 h5 31. Qf3 hxg4 32. Qxg4 Qxg4+ 33. hxg4 Kf7 34. Rc2 b5 35. axb5 cxb5 36. Ra2 Re7 37. Ra3 Rb7 38. Be5 g6 39. Kf3 gxf5 40. gxf5 a5 41. Kf4 b4 42. cxb4 axb4 43. Rh3 Rb6 44. Rh7+ Ke8 45. Rh8+ Kf7 46. Rh7+ Ke8 47. Rh8+ Kf7 48. Rh7+ 1/2-1/2

[Event "CZE-chT1W 1718"]
[Site "Czech Republic"]
[Date "2018.04.15"]
[Round "11.1"]
[White "Lacina, Filip"]
[Black "Purnoch, Josef"]
[Result "0-1"]
[WhiteElo "2010"]
[BlackElo "2173"]
[PlyCount "84"]
[EventDate "2017.10.29"]
[EventType "team-tourn"]
[EventRounds "11"]
[EventCountry "CZE"]
[SourceTitle "EXT 2019"]
[Source "ChessBase"]
[SourceDate "2018.10.10"]
[SourceVersion "1"]
[SourceVersionDate "2018.10.10"]
[SourceQuality "1"]
[WhiteTeam "Vysehrad"]
[BlackTeam "Neratovice"]
[WhiteTeamCountry "CZE"]
[BlackTeamCountry "CZE"]

1. e4 c5 2. c3 Qa5 3. Nf3 Nc6 4. Na3 d6 5. Nc4 Qc7 6. a4 Nf6 7. d3 e6 8. g3 b6 9. Bg2 Bb7 10. 0-0 Be7 11. Qe2 0-0 12. Nh4 Nd7 13. f4 Rad8 14. Nd2 Rfe8 15. Ndf3 d5 16. f5 Bf6 17. Bg5 dxe4 18. dxe4 Nce5 19. Bxf6 Nxf6 20. fxe6 Nxf3+ 21. Bxf3 Rxe6 22. Nf5 Nxe4 23. Bxe4 Bxe4 24. Qg4 Bxf5 25. Rxf5 Rd2 26. Raf1 Qc6 27. R5f2 Rxf2 28. Rxf2 Re1+ 29. Rf1 Rxf1+ 30. Kxf1 Qh1+ 31. Ke2 Qxh2+ 32. Kd3 g6 33. Qf4 Qh5 34. Kc4 Qe2+ 35. Kb3 Qd1+ 36. Ka3 Qa1+ 37. Kb3 Qd1+ 38. Ka3 Qd7 39. g4 h6 40. g5 h5 41. Qb8+ Kg7 42. a5 Qb5 0-1

[Event "CZE-chT1W 1718"]
[Site "Czech Republic"]
[Date "2018.03.25"]
[Round "10.6"]
[White "Novak, Radomir"]
[Black "Purnoch, Josef"]
[Result "1/2-1/2"]
[WhiteElo "2105"]
[BlackElo "2173"]
[PlyCount "116"]
[EventDate "2017.10.29"]
[EventType "team-tourn"]
[EventRounds "11"]
[EventCountry "CZE"]
[SourceTitle "EXT 2019"]
[Source "ChessBase"]
[SourceDate "2018.10.10"]
[SourceVersion "1"]
[SourceVersionDate "2018.10.10"]
[SourceQuality "1"]
[WhiteTeam "Hradec Kralove Slavia"]
[BlackTeam "Neratovice"]
[WhiteTeamCountry "CZE"]
[BlackTeamCountry "CZE"]

1. d4 Nf6 2. c4 c5 3. d5 e6 4. Nc3 exd5 5. cxd5 d6 6. Nf3 g6 7. Nd2 Nbd7 8. Nc4 Nb6 9. e4 Nxc4 10. Bxc4 a6 11. a4 Bg7 12. 0-0 0-0 13. h3 Re8 14. Qc2 Nh5 15. Be2 Qh4 16. Bxh5 Qxh5 17. Bf4 Be5 18. Bxe5 Rxe5 19. f4 Re8 20. Rae1 Qh4 21. Qf2 Qxf2+ 22. Kxf2 Kg7 23. e5 dxe5 24. fxe5 Bf5 25. Re3 Rad8 26. Rc1 b6 27. g4 Bc8 28. Rd1 h6 29. Kf3 Bb7 30. Kf4 Re7 31. h4 Red7 32. d6 Bc6 33. g5 hxg5+ 34. hxg5 Rh8 35. e6 fxe6 36. Rxe6 Rh4+ 37. Ke5 Rg4 38. Re7+ Rxe7+ 39. dxe7 Rxg5+ 40. Kd6 Be8 41. Kc7 Re5 42. Kxb6 Rxe7 43. Kxa6 Re6+ 44. Kb7 Bc6+ 45. Kc7 Bf3 46. Rf1 Rf6 47. Nd1 g5 48. Ne3 Kg6 49. Rc1 Rc6+ 50. Kd7 Rb6 51. Nc4 Rb7+ 52. Kd6 Be2 53. Ne5+ Kf5 54. Rxc5 Ke4 55. Rc2 Bd1 56. Rg2 Bxa4 57. Rg4+ Kf5 58. Rxa4 Rxb2 1/2-1/2